Statistiques concernant Les finalistes de la Coupe Stanley (2000-)

Cliquez ici pour prendre le quiz!

Statistiques générales

  • Ce quiz a été pris 16 fois
    (14 depuis la dernière actualisation)
  • Le résultat moyen est 14 sur 23

Statistiques - réponses

AnnéeVainqueurFinaliste% Correct
2021Tampa BayMontréal
100%
2022ColoradoTampa Bay
100%
2023Las VegasFloride
92%
2017PittsburghNashville
83%
2019St. LouisBoston
75%
2020Tampa BayDallas
75%
2018WashingtonLas Vegas
75%
2016PittsburghSan Jose
75%
2014Los AngelesRangers
67%
2015ChicagoTampa Bay
67%
2013ChicagoBoston
58%
2012Los AngelesNew Jersey
58%
2010ChicagoPhiladelphie
58%
2011BostonVancouver
58%
2009PittsburghDétroit
50%
2006CarolineEdmonton
50%
2007AnaheimOttawa
50%
2008DétroitPittsburgh
50%
2004Tampa BayCalgary
42%
2003New JerseyAnaheim
33%
2001ColoradoNew Jersey
33%
2002DétroitCaroline
25%
2000New JerseyDallas
25%

Distribution des résultats

Percentile par nombre de réponses

% des personnes avec chaque résultat

Votre développement - résultats

Vous n’avez pas pris ce quiz depuis la dernière actualisation